|
|
|
|
| LEADER |
02723nam a22003735i 4500 |
| 001 |
45755 |
| 003 |
BD-DhAAL |
| 005 |
20260511170302.0 |
| 008 |
260511t2025 vtu 000 0 eng |
| 010 |
|
|
|a 2025933943
|
| 020 |
|
|
|a 9784805319796
|
| 035 |
|
|
|a 24063527
|
| 040 |
|
|
|a DLC
|b eng
|e rda
|c DLC
|d BD-DhAAL
|
| 042 |
|
|
|a pcc
|
| 082 |
|
|
|a 895.6342
|
| 100 |
1 |
|
|a Natsume, Soseki,
|e author.
|9 60634
|
| 245 |
1 |
0 |
|a Soseki natsume kokoro /
|c Soseki Natsume ; translated by Edwin McClellan ; Introduction by J. Keith Vincent.
|
| 246 |
|
4 |
|a Soseki natsume kokoro :
|b a classic novel of Japan
|
| 250 |
|
|
|a First tuttle edition.
|
| 260 |
|
|
|a Tokyo ;
|a North Clarendon :
|b Tuttle Publishing,
|c 2025.
|
| 300 |
|
|
|a 238 pages ;
|c 20 cm
|
| 500 |
|
|
|a First tuttle edition, 1969.
|
| 520 |
|
|
|a ""Natsume Soseki is the representative modern Japanese novelist, a figure of truly national stature." -Haruki Murakami A chance encounter irrevocably links a university student to an older man he simply calls Sensei ("Teacher"). Intrigued by Sensei's aloofness, the student visits him with increasing frequency, and Sensei and his beautiful wife eventually open their home and lives to him. The student graduates and is called home to care for his dying father, but Sensei draws him back with a letter revealing a secret that has shadowed him since youth. Written in 1914, toward the end of Soseki's career, Kokoro provides a timeless psychological analysis of man's alienation from society. It is recognized as one of his most important works and a milestone in the emergence of the psychological novel in Japan. Its universal themes of friendship, betrayal and the struggle for meaning in a rapidly changing world continue to resonate today"--
|
| 526 |
8 |
|
|a AAL
|
| 541 |
1 |
|
|a Donated by Embassy of Japan in Bangladesh, Read Japan Project 2025, The Tokyo Foundation, supported by The Nippon Foundation.
|e 45755
|
| 650 |
|
0 |
|a Friendship
|x Fiction.
|9 12583
|
| 650 |
|
0 |
|a Japan
|x Social conditions
|y 1912-1945
|x Fiction.
|9 60635
|
| 650 |
|
0 |
|a Japan
|x History
|y Taishō period, 1912-1926
|x Fiction
|9 60636
|
| 700 |
1 |
|
|a McClellan, Edwin,
|e translator.
|9 60637
|
| 700 |
1 |
|
|a Vincent, J. Keith,
|e other.
|9 60638
|
| 852 |
1 |
|
|a Ayesha Abed Library
|c General Stacks
|
| 942 |
|
|
|2 ddc
|c BK
|
| 999 |
|
|
|c 47922
|d 47922
|
| 952 |
|
|
|0 0
|1 0
|2 ddc
|4 0
|6 895_634200000000000_NAT
|7 0
|9 79179
|a BRACUL
|b BRACUL
|d 2026-05-11
|e Donated by Embassy of Japan in Bangladesh, Read Japan Project 2025, The Tokyo Foundation, supported by The Nippon Foundation.
|l 0
|o 895.6342 NAT
|p 3010045755
|r 2026-05-11
|t 1
|w 2026-05-11
|y BK
|x Donated copy received from Embassy of Japan in Bangladesh, Read Japan Project 2025, The Tokyo Foundation, supported by The Nippon Foundation on 08 April 2026; $12.19
|